[Event "Leverkusen Bayer op 9th"]
[Site "Leverkusen"]
[Date "2011.03.28"]
[Round "6"]
[White "Siroy, David"]
[Black "Schmidt, Werner"]
[Result "0-1"]
[WhiteElo "808"]
[BlackElo "1660"]
[PlyCount "46"]
[EventDate "2011.01.10"]
[EventType "swiss"]
[EventRounds "7"]
[EventCountry "GER"]
[SourceTitle "EXT 2012"]
[Source "ChessBase"]
[SourceDate "2011.11.24"]
[SourceVersion "1"]
[SourceVersionDate "2011.11.24"]
[SourceQuality "1"]

1. e4 c5 2. Nf3 e6 3. Nc3 g6 4. Bc4 Bg7 5. Nb5 d6 6. Qe2 a6 7. Nc3 b5 8. Bd3 Bb7 9. Qe3 Nd7 10. 0-0 Ne7 11. Be2 0-0 12. Ng5 h6 13. Nf3 Bc6 14. d3 Qc7 15. Nh4 Kh7 16. Qg3 Qb8 17. Qh3 d5 18. Bxh6 Bxh6 19. Nf3 Kg7 20. Qh4 Qd8 21. Rfe1 Rh8 22. Ng5 d4 23. Qg3 Bxg5 0-1

[Event "Leverkusen Bayer op 9th"]
[Site "Leverkusen"]
[Date "2011.02.07"]
[Round "3"]
[White "Siroy, David"]
[Black "Kayser, Manfred"]
[Result "0-1"]
[WhiteElo "808"]
[BlackElo "1450"]
[PlyCount "66"]
[EventDate "2011.01.10"]
[EventType "swiss"]
[EventRounds "7"]
[EventCountry "GER"]
[SourceTitle "EXT 2012"]
[Source "ChessBase"]
[SourceDate "2011.11.24"]
[SourceVersion "1"]
[SourceVersionDate "2011.11.24"]
[SourceQuality "1"]

1. e4 c5 2. Bc4 d6 3. Nf3 Bg4 4. Nc3 Nf6 5. h3 Bd7 6. d3 Nc6 7. Nd5 Nxd5 8. Bxd5 e6 9. Bc4 Na5 10. Ng5 Be7 11. Qg4 Nxc4 12. dxc4 h6 13. Qh5 Bxg5 14. Bxg5 Qxg5 15. Qxg5 hxg5 16. Rd1 Ke7 17. 0-0 e5 18. c3 Bc6 19. f3 Rad8 20. Rd2 b5 21. cxb5 Bxb5 22. Rfd1 c4 23. b3 cxb3 24. axb3 Rd7 25. Rd5 Bc6 26. Ra5 Rb8 27. b4 g6 28. Rda1 Rbb7 29. Kf2 Ke6 30. Kg3 Bb5 31. Kg4 f6 32. h4 gxh4 33. Kxh4 a6 0-1